|
|
|
|
| LEADER |
00994nam a22002892a 4500 |
| 001 |
001631724 |
| 003 |
CZ BrMZK |
| 005 |
20180704064911.0 |
| 007 |
ta |
| 008 |
180530s1936 xxu er|||||||||||eng d |
| 040 |
|
|
|a BOA001
|b cze
|e aacr2
|
| 072 |
|
7 |
|a 631
|x Zemědělství. Pedologie. Agrotechnika. Agroekologie
|2 Konspekt
|9 24
|
| 080 |
|
|
|a 631.563.9
|2 MRF
|
| 080 |
|
|
|a (048.8)
|2 MRF
|
| 100 |
1 |
|
|a Comin, Donald
|4 aut
|
| 245 |
1 |
4 |
|a The common storage :
|b its construction and management /
|c Donald Comin
|
| 260 |
|
|
|a Wooster :
|b Ohio Agricultural Experiment Station,
|c 1936
|
| 300 |
|
|
|a 49 s.
|
| 490 |
1 |
|
|a Bulletin ;
|v 573
|
| 504 |
|
|
|a Obsahuje bibliografii
|
| 650 |
0 |
7 |
|a skladování zemědělských plodin
|7 ph151466
|2 czenas
|
| 655 |
|
7 |
|a studie
|7 fd133597
|2 czenas
|
| 810 |
2 |
|
|a Ohio Agricultural Experiment Station.
|t Bulletin
|
| 910 |
|
|
|a BOA001
|b X-0525.221
|
| 990 |
|
|
|a BK
|
| 991 |
|
|
|b 201805
|
| 996 |
7 |
|
|b 2618942233
|c X-0525.221
|l MZK
|r Sklad / do 24 hodin
|n 0
|w 001667413
|u 000010
|a 1
|e BOA001
|j MZK50
|s A
|